Statistiques concernant Rébus (Dingbats)

Cliquez ici pour prendre le quiz!

Statistiques générales

  • Ce quiz a été pris 318 fois
  • Le résultat moyen est 4 sur 10

Statistiques - réponses

DingbatsRéponse% Correct
Le monde à l'envers
80%
Rester en travers de la gorge
69%
Cousin germain
52%
De but en blanc
49%
Ronde de nuit
43%
Viser entre deux yeux
41%
Fracture sociale
37%
Compte à rebours
30%
Serrer les fesses
19%
Pilier de bar
6%

Distribution des résultats

Percentile par nombre de réponses

% des personnes avec chaque résultat

Votre développement - résultats

Vous n’avez pas pris ce quiz